000 00380nam a2200157 4500
008 190603s1993||||xo d
245 1 0 _aProroctvá a tajomstvá kozmu
260 _bARS TIGMY
_aBratislava
_c1993
041 1 _aslo
044 _axo
_cSK
100 1 _aBednár Roman
_91165
250 _a1. vydanie
300 _a281 s.
020 _a8085264404
_c0
958 _aA
999 _c22469
_d22469